Mariano Marcos State University

University Library System

Modern American women : (Record no. 26897)

MARC details
000 -LEADER
fixed length control field 01142cam a2200337 a 4500
001 - CONTROL NUMBER
control field 4801539
003 - CONTROL NUMBER IDENTIFIER
control field OSt
005 - DATE AND TIME OF LATEST TRANSACTION
control field 20250826115853.0
008 - FIXED-LENGTH DATA ELEMENTS--GENERAL INFORMATION
fixed length control field 880504s1969 ilua b 000 0 eng
010 ## - LIBRARY OF CONGRESS CONTROL NUMBER
LC control number 88016162
020 ## - INTERNATIONAL STANDARD BOOK NUMBER
International Standard Book Number 0256037442 :
020 ## - INTERNATIONAL STANDARD BOOK NUMBER
International Standard Book Number 9780256037449
020 ## - INTERNATIONAL STANDARD BOOK NUMBER
International Standard Book Number 9780256071177
035 ## - SYSTEM CONTROL NUMBER
System control number 4801539
040 ## - CATALOGING SOURCE
Original cataloging agency MMSU
Transcribing agency ULS
050 00 - LIBRARY OF CONGRESS CALL NUMBER
Classification number HQ 1410 M63 1989
245 00 - TITLE STATEMENT
Title Modern American women :
Remainder of title a documentary history /
Statement of responsibility, etc. [compiled by] Susan Ware.
260 ## - PUBLICATION, DISTRIBUTION, ETC.
Place of publication, distribution, etc. Chicago, Ill. :
Name of publisher, distributor, etc. Dorsey Press,
Date of publication, distribution, etc. c1989.
300 ## - PHYSICAL DESCRIPTION
Extent xv, 468 pages. :
Other physical details illustration ;
Dimensions 22 cm.
336 ## - CONTENT TYPE
Content type term text
Content type code txt
Source rdacontent
337 ## - MEDIA TYPE
Media type term unmediated
Media type code n
Source rdamedia
338 ## - CARRIER TYPE
Carrier type term volume
Carrier type code nc
Source rdacarrier
504 ## - BIBLIOGRAPHY, ETC. NOTE
Bibliography, etc. note Includes bibliographies.
650 #0 - SUBJECT ADDED ENTRY--TOPICAL TERM
Topical term or geographic name entry element Women
Geographic subdivision United States
General subdivision History
Chronological subdivision 20th century
General subdivision Sources.
650 #0 - SUBJECT ADDED ENTRY--TOPICAL TERM
Topical term or geographic name entry element Feminism
Geographic subdivision United States
General subdivision History
Chronological subdivision 20th century
General subdivision Sources.
650 #0 - SUBJECT ADDED ENTRY--TOPICAL TERM
Topical term or geographic name entry element Women social reformers
Geographic subdivision United States
General subdivision History
-- Sources.
700 1# - ADDED ENTRY--PERSONAL NAME
Personal name Ware, Susan,
Dates associated with a name 1950-
906 ## - LOCAL DATA ELEMENT F, LDF (RLIN)
a 7
b cbc
c orignew
d 1
e ocip
f 19
g y-gencatlg
942 ## - ADDED ENTRY ELEMENTS (KOHA)
Source of classification or shelving scheme
Koha item type Books
Holdings
Withdrawn status Lost status Source of classification or shelving scheme Damaged status Not for loan Home library Current library Shelving location Date acquired Total Checkouts Full call number Barcode Date last seen Price effective from Koha item type
          MMSU Main Library MMSU Main Library American Corner 08/26/2025   HQ 1410 M63 1989 AC 2838-AC 08/26/2025 08/26/2025 Books

© 2023 Mariano Marcos State University. All Rights Reserved.

Powered by Koha